| 000 | 00455pab a2200157 454500 | ||
|---|---|---|---|
| 008 | 180718b2015 xxu||||| |||| 00| 0 eng d | ||
| 100 | _aLevien, Michael | ||
| 245 | _aFrom primitive accumulation to regimes of dispossession: six theses on India's land question | ||
| 260 | _c2015 | ||
| 300 | _ap.146-157. | ||
| 362 | _a30 May | ||
| 650 | _aland tenure - India | ||
| 650 | _aLand tenure | ||
| 773 | _aEconomic and Political Weekly | ||
| 909 | _a108641 | ||
| 999 |
_c108636 _d108636 |
||